Notions de cybersécurité - Statistiques

Statistiques générales
  • Ce quiz a été pris 38 fois
  • Le résultat moyen est 16 sur 51
Statistiques - réponses
Hints % Correct
Système qui bloque ou autorise le trafic
85%
Logiciel malveillant
85%
Attaque qui envoie trop de requêtes
69%
Adresse unique d’un appareil sur un réseau
69%
Test de sécurité autorisé
69%
Réseau interne d’une entreprise
62%
Programme qui espionne
62%
Identifiant physique d’une carte réseau
54%
plateforme pour créer, déployer et gérer des applications sans se soucier de l'infrastructure sous-jacente.Platform as a Service
54%
Interface en ligne de commande
46%
Serveur qui traduit un nom de domaine en IP
46%
Mot de passe
46%
Le SaaS est un modèle de livraison de logiciels basé sur le cloud où les utilisateurs accèdent aux applications via Internet. software as a service
46%
Accès distant sécurisé
46%
Machine virtuelle
46%
tu m'aime combien sur 5
38%
Serveur hébergé à distance
38%
Système qui attribue automatiquement des IP
38%
Conteneur applicatif
38%
Journal des événements
38%
Double vérification
38%
Personne qui teste la sécurité
38%
Porte d’entrée d’un service réseau
38%
Gestion des identités
31%
Système d’exploitation qui regroupe debian , Ubuntu etc..
31%
Compte administrateur
31%
Appareil qui relie les machines dans un réseau local
31%
Clé cryptographique
23%
Appareil qui connecte plusieurs réseaux
23%
Système de supervision sécurité
23%
Processus pour vérifier une identité
15%
Service qui tourne en arrière-plan
15%
Exploitation d’une faille
15%
Infrastructure virtuelle. Infrastructure as a service
15%
Attaque par injection de code
15%
Mise à jour de sécurité
15%
Processus en cours d’exécution
15%
Règle de communication réseau
15%
Division d’un réseau en plusieurs parties
15%
Faiblesse dans un système
15%
Droits accordés à un utilisateur
8%
Virus qui se propage seul
8%
Certificat de sécurité
0%
Correction d’une faille
0%
Données transformées pour être protégées
0%
Outil de détection d’intrusion
0%
Alerte de sécurité
0%
Outil qui bloque les intrusions
0%
Collecte et analyse de logs
0%
Logiciel qui chiffre les fichiers pour voler des données et les prendre en otage
0%
Service de stockage en ligne
0%
Aucun quiz correspondant
Distribution des résultats
% des personnes avec chaque résultat
Percentile par nombre de réponses
Votre historique - résultats
Vous n’avez pas pris ce quiz